01001cam a2200229 a 450000100100000000500170001000800410002702000150006804000250008304100130010808200180012110000350013924501720017426000680034630000210041453400960043565000300053170000430056170000310060495201210063599900150075600000280620200929150247.0830209s1991 pr b s001 0 spa  a0847736148 aDO-SdBNPbspacBNPHU17aspaheng a801.95bM266v1 aMan, Paul ded1919-1983.9886810aVisión y ceguera :bensayos sobre la retórica de la crítica contemporánea /cPaul de Man ; edición y traducción, Hugo Rodríguez Vecchini y Jacques Lezra. aRío Piedra, Puerto Rico :bUniversidad de Puerto Rico,c1991. a365 p. ;c23 cm. aTítulo original: Blindness and insight, essays in the rhetoric of contemporary criticism. 4aCrítica literaria931411 aRodríguez Vecchini, Hugo,etr.988691 aLezra, Jacques,etr.98870 001052708MOaGRbGRcHDd2009-07-03iLF1l0o801.95 M266vp2806-10r2020-06-25w2020-06-25y2ZPréstamo interno c2640d2640